<?xml version="1.0" encoding="UTF-8"?>
<record
    xmlns:xsi="http://www.w3.org/2001/XMLSchema-instance"
    xsi:schemaLocation="http://www.loc.gov/MARC21/slim http://www.loc.gov/standards/marcxml/schema/MARC21slim.xsd"
    xmlns="http://www.loc.gov/MARC21/slim">

  <leader>02620nam a2200313 a 4500</leader>
  <controlfield tag="001"> </controlfield>
  <controlfield tag="003">DO-SdBNP</controlfield>
  <controlfield tag="005">20210830130550.0</controlfield>
  <controlfield tag="008">110314s2010    dr a    r     001 | spa d</controlfield>
  <datafield tag="020" ind1=" " ind2=" ">
    <subfield code="a">9789945870916</subfield>
  </datafield>
  <datafield tag="040" ind1=" " ind2=" ">
    <subfield code="a">DO-SdBNP</subfield>
    <subfield code="b">spa</subfield>
    <subfield code="c">BPMSU</subfield>
  </datafield>
  <datafield tag="082" ind1=" " ind2=" ">
    <subfield code="a">324.97293  </subfield>
    <subfield code="b">C639c 2010</subfield>
    <subfield code="2">22</subfield>
  </datafield>
  <datafield tag="100" ind1="1" ind2=" ">
    <subfield code="a">Clime, Danilo P.</subfield>
  </datafield>
  <datafield tag="245" ind1="1" ind2="0">
    <subfield code="a">Ciclos pol&#xED;ticos-electorales dominicano :</subfield>
    <subfield code="b">(&#xE1;nalisis del sistema pol&#xED;tico-electoral dominicano y consideraciones generales para el estudio de los sistemas pol&#xED;ticos y los procesos electorales latinoamericanos)</subfield>
    <subfield code="c">Danilo P. Clime.</subfield>
  </datafield>
  <datafield tag="246" ind1="1" ind2="4">
    <subfield code="a">Ciclos pol&#xED;ticos-electorales dominicano</subfield>
  </datafield>
  <datafield tag="260" ind1=" " ind2=" ">
    <subfield code="a">Santo Domingo :</subfield>
    <subfield code="b">Instituto para el Estudios de la Conducta Pol&#xED;tica,</subfield>
    <subfield code="c">2010.</subfield>
  </datafield>
  <datafield tag="300" ind1=" " ind2=" ">
    <subfield code="a">698 p. :</subfield>
    <subfield code="b">il. ;</subfield>
    <subfield code="c">23 cm.</subfield>
  </datafield>
  <datafield tag="500" ind1=" " ind2=" ">
    <subfield code="a">Incluye referencias bibliogr&#xE1;ficas y notas al pie de las p&#xE1;ginas.</subfield>
  </datafield>
  <datafield tag="500" ind1=" " ind2=" ">
    <subfield code="a">Incluye &#xED;ndice</subfield>
  </datafield>
  <datafield tag="500" ind1=" " ind2=" ">
    <subfield code="a">Incluye datos biogr&#xE1;ficos del autor en las solapas</subfield>
  </datafield>
  <datafield tag="500" ind1=" " ind2=" ">
    <subfield code="a">An&#xE1;lisis del sistema pol&#xED;tico-electoral dominicano y consideraciones generales para el estudio de los sistemas pol&#xED;ticos y los procesos electorales latinoamericanos.</subfield>
  </datafield>
  <datafield tag="500" ind1=" " ind2=" ">
    <subfield code="a">Incluye &#xED;ndice onom&#xE1;stico.</subfield>
  </datafield>
  <datafield tag="505" ind1="0" ind2=" ">
    <subfield code="a">Breve introducci&#xF3;n -- Elecciones, procesos hist&#xF3;rico-pol&#xED;ticos y estructrutura social -- Elementos conseptuales b&#xE1;sicos -- Ciclos electorales dominicanos : una primera consideraci&#xF3;n general -- Elementos para una construci&#xF3;n tipol&#xF3;gica del proceso-electoral dominicano -- Explicaciones b&#xE1;sicas sobre los diferentes estudios &#xB4;pol&#xED;tico-electorales dominicanos -- Elementos de referencia b&#xE1;sicos para la explicaci&#xF3;n del estado pol&#xED;tico-electoral, referido a la autocracia personalista post -colonial -- Elementos explicativos del estado pol&#xED;tico-electoral referido a la anarqu&#xED;a caudillista -- Elementos explicativos del estado pol&#xED;tico-electoral, caracterizado por la tensi&#xF3;n, conflicto y violencia estatal -- Elementos explicativos del estado pol&#xED;tico-electoral de la autocracia ejercida por un caudillo centralizante -- Elementos explicativos del estado pol&#xED;tico-electoral de acentuada cr&#xED;sis constitucional y el bonapartismo extranjero -- Elementos de referencia b&#xE1;sics para la explicaci&#xF3;n del estado pol&#xED;tico-- electoral de la busqueda por instaurar un modelo democr&#xE1;tico eficiente y la modernizaci&#xF3;n -- Realidades y caracter&#xED;sticas del sistema pol&#xED;tico-electoral dominicano una perspectiva global.
</subfield>
  </datafield>
  <datafield tag="590" ind1=" " ind2=" ">
    <subfield code="a">Inventariado, 2021/VM</subfield>
  </datafield>
  <datafield tag="650" ind1=" " ind2="4">
    <subfield code="a">Elecciones</subfield>
    <subfield code="z">Rep&#xFA;blica Dominicana</subfield>
    <subfield code="x">Historia</subfield>
  </datafield>
  <datafield tag="651" ind1=" " ind2="4">
    <subfield code="a">Rep&#xFA;blica Dominicana</subfield>
    <subfield code="x">Pol&#xED;tica gobierno</subfield>
  </datafield>
  <datafield tag="910" ind1=" " ind2=" ">
    <subfield code="a">VMateo V. </subfield>
  </datafield>
  <datafield tag="942" ind1=" " ind2=" ">
    <subfield code="2">ddc</subfield>
    <subfield code="c">BK</subfield>
  </datafield>
  <datafield tag="952" ind1=" " ind2=" ">
    <subfield code="0">0</subfield>
    <subfield code="1">0</subfield>
    <subfield code="2">ddc</subfield>
    <subfield code="4">0</subfield>
    <subfield code="7">0</subfield>
    <subfield code="8">CD</subfield>
    <subfield code="a">BPMET</subfield>
    <subfield code="b">BPMET</subfield>
    <subfield code="d">2021-08-30</subfield>
    <subfield code="e">BNPHU</subfield>
    <subfield code="l">0</subfield>
    <subfield code="o">BPMSU CD 324.97293  C639c 2010</subfield>
    <subfield code="p">BPMSU21080103</subfield>
    <subfield code="r">2021-08-30</subfield>
    <subfield code="w">2021-08-30</subfield>
    <subfield code="y">BK</subfield>
  </datafield>
  <datafield tag="999" ind1=" " ind2=" ">
    <subfield code="c">13689</subfield>
    <subfield code="d">13689</subfield>
  </datafield>
</record>
